000
00253nam a2200097Ia 4500
001
800488
005
20250826171020.0
008
250824s9999 xx 000 0 und d
245
0
_a
HAZİNEYİ KİM SAKLADI
_c
MELİH TUĞTAĞ
260
_b
GENÇ HAYAT YAYINLARI
999
_c
800488
_d
800488